00544nam a2200193Ia 450000500170000000800410001702000100005804000190006804100120008708200160009910000160011524500600013126000570019130000160024865000250026465100330028970000180032285000100034020230704084815.0131103s9999 xx 000 0 und d cRs.60 aLoreto College aEnglish a944.05bLUD aLudwig,Emil aNapoleoncEmil Ludwig;translated by Eden and Cedar Paul aBombaybJaico Publishing Housec1957 (1987 printing) a[8],631 p.  aNapoleon,1769 - 1821 aFrance - History,1804 - 1814 aPaul,Eden,tr. aLCLIB